Interpretación, alcances y aplicaciones de los principios Pestalozzianos

Guardat en:
Dades bibliogràfiques
Autor principal: Bassi, Angel C (Autor)
Format: Llibre
Idioma:espanyol
Publicat: Buenos Aires Cabarit 1951
Col·lecció:Monografías pedagógicas argentinas, 3
Matèries:
Etiquetes: Afegir etiqueta
Sense etiquetes, Sigues el primer a etiquetar aquest registre!

MARC

LEADER 00000nam a2200000 a 4500
001 UCW7005
003 CL-VaPUC
008 920810e19510000AG |||||||||||||||||spa|d
082 0 4 |a 370.1  |b BAS  |2 21 
100 0 |a Bassi, Angel C  |e author  |9 312104 
245 1 0 |a Interpretación, alcances y aplicaciones de los principios Pestalozzianos 
300 |a 198 p 
942 |c BK 
945 |d 19920810 00:00:00 
260 |a Buenos Aires  |b Cabarit  |c 1951 
600 0 7 |a PESTALOZZI, JOHANN HEINRICH  |2 CL-VaPUC  |9 312105 
650 0 |a Crítica e interpretación   |9 255042 
583 |a last modification  |c 19920810 00:00:00  |k Rodrigo Vera 
490 0 |a Monografías pedagógicas argentinas, 3 
999 |c 219896  |d 219894 
952 |0 0  |1 0  |4 0  |6 370_100000000000000_BAS_1951  |7 0  |8 P  |9 211402  |a BIBEDU  |b BIBEDU  |c BIBEDU_PB  |d 2019-11-15  |i 2795884  |o 370.1 BAS 1951  |p 2795884  |r 2024-01-25  |w 2019-11-15  |y BK  |k EDU